PRIVILEG Ivo Martin Lyrics - Statistiken

Allgemein
  • Dieses Quiz wurde 7 mal gespielt
  • Das Durchschnittsergebnis liegt bei 216 aus 298
Antwortstatistiken
Antwort % Korrekt
ich
100%
Ich
100%
alles
86%
Alles
86%
als
86%
am
86%
andere
86%
Andere
86%
beste
86%
dich
86%
die
86%
Die
86%
ein
86%
Es
86%
es
86%
Gaza
86%
hab
86%
habe
86%
haben
86%
habens
86%
ist
86%
jeden
86%
Jemen
86%
Kongo
86%
leb
86%
leben
86%
Leben
86%
liebe
86%
lieben
86%
meisten
86%
mir
86%
nach
86%
nicht
86%
Privileg
86%
schau
86%
Seh
86%
sehen
86%
sind
86%
so
86%
Tag
86%
überleben
86%
und
86%
Und
86%
wen
86%
wie
86%
zu
86%
Zu
86%
den
71%
Der
71%
der
71%
Freunde
71%
gut
71%
jetzt
71%
mehr
71%
meistens
71%
nichts
71%
Sag
71%
tun
71%
wirklich
71%
wollen
71%
alltäglich
57%
bequem
57%
das
57%
fucking
57%
gehabt
57%
gehts
57%
Glück
57%
ja
57%
könnte
57%
Könnte
57%
mich
57%
Mich
57%
singt
57%
Song
57%
Tränen
57%
vor
57%
Wahrheit
57%
welchen
57%
Wert
57%
Augen
43%
dazu
43%
denen
43%
doch
43%
du
43%
Eine
43%
entschließen
43%
findet
43%
gesagt
43%
hier
43%
kenne
43%
klar
43%
Leute
43%
Möcht
43%
sucht
43%
Trümmern
43%
uns
43%
verschließen
43%
wär
43%
war
43%
was
43%
widmen
43%
will
43%
ändern
29%
dafür
29%
erzählen
29%
hört
29%
liegen
29%
man
29%
noch
29%
nur
29%
selten
29%
unseren
29%
unter
29%
wissen
29%
aber
14%
bleibts
14%
dann
14%
deinen
14%
denn
14%
dieser
14%
dieses
14%
glauben
14%
Hey
14%
in
14%
Menschen
14%
normal
14%
ständig
14%
Während
14%
willst
14%
bitte
0%
Schreien
0%
Keine übereinstimmenden Quizze gefunden
Verteilung der Resultate
Anzahl Personen mit jedem Resultat
Perzentil nach korrekt beantworteten Fragen
Ihre Resultats-Entwicklung
Sie haben dieses Quiz noch nicht gespielt